LEADER 01545nam a2200349 a 4500 001 000000126333 003 CaOOAMICUS 005 20110916121757.0 008 110916s2011 it ak u000 u ita r 020 $a978-88-311-3505-4 040 $aPUL$bita 082 04$a501 245 00$aScienze informatiche e biologiche :$bepistemologia e ontologia /$cGennaro Cicchese ... [et al.]. 260 $aRoma :$bCittà Nuova,$c©2011$a[S.l.] :$bSEFIR 300 $a320 p. :$bill., formulari ;$c21 cm 490 1 $aScienze e fede ;$v04 500 $aSul front.: SEFIR. 500 $aRelazioni presentate a due convegni tenuti a Roma nel 2006 dall'area di ricerca SEFIR. 504 $aBibliografia in nota. 650 4$aInformatica e società.$0(OLS)http://pul/subject/25935 700 1 $aCicchese, Gennaro,$d1961-$0(OLS)http://pul/name/33326 830 0$aScienze e fede (Città Nuova) ;$v04.$0(OLS)http://pul/title/159547 850 $aPUL 852 $aPUL$W1$xSL Cons. Gen., Altre Classi 3$y75$m501 COLL 1.4$j145777$qDDC 21$B144594$CPULBib$Z2$F144594 $H117997 $82 941 1 $a9 983 0$aScienze e fede (SEFIR) 996 $6020$a978-88-311-3505-4$9(OLS)http://pul/number/147972 996 $6082$a501$9(OLS)http://pul/classification/520 996 $6245$aScienze informatiche e biologiche :$bepistemologia e ontologia$9(OLS)http://pul/title/159546 996 $6260$aRoma :$bCittà Nuova$9(OLS)http://pul/publisher/47927 996 $6260$a[S.l.] :$bSEFIR$9(OLS)http://pul/publisher/81712 LEADER 01320nam a2200265 a 4500 001 000000106273 003 CaOOAMICUS 005 20070712165005.0 008 070712s2007 it 000 u ita d 020 $z978-88-343-1393-0* 040 $aPUL$bita$dLDB 245 03$aLa sapienza di Timeo :$briflessioni in margine al "Timeo" di Platone /$ca cura di Linda M. Napolitano Valditara. 260 $aMilano :$bVita e pensiero,$cc2007. 300 $axiii, 492 p. ;$c22 cm 490 1 $aTemi metafisici e problemi del pensiero antico.$aStudi e testi ;$v105 504 $aBibliografia: p. [469]-490. 600 04$aPlato,$d427-347 a.C.$tTimaeus.$0(OLS)http://pul/subject/33450 700 1 $aNapolitano Valditara, Linda M.,$d1951-$0(OLS)http://pul/name/59292 830 0$aTemi metafisici e problemi del pensiero antico.$pStudi e testi ;$v105.$0(OLS)http://pul/title/98294 850 $aPUL 852 $aPUL$W1$xSL Filosofia 2$y80$mPhil A10 105$j119452$qStampati Altre Collocazioni$B119264$CPULBib$Z2$F119264 $H104723 $82 941 1 $a10 996 $6020$z978-88-343-1393-0*$9(OLS)http://pul/number/135220 996 $6245$aLa sapienza di Timeo :$briflessioni in margine al "Timeo" di Platone$9(OLS)http://pul/title/133825 996 $6260$aMilano :$bVita e pensiero$9(OLS)http://pul/publisher/48016